Statistiques concernant Devinez le Pays Mystère #89

Cliquez ici pour prendre le quiz!

Statistiques générales

  • Ce quiz a été pris 252 fois
  • Le résultat moyen est 14 sur 17

Statistiques - réponses

Type de RéponseRéponse% Correct
Lettre TrouvéeA
97%
Lettre TrouvéeE
96%
Lettre TrouvéeI
96%
Lettre Bien PlacéeE
95%
Lettre TrouvéeL
93%
Lettre TrouvéeO
91%
Lettre Bien PlacéeI
89%
Lettre Bien PlacéeA
86%
Lettre TrouvéeM
86%
Lettre Bien PlacéeO
84%
Lettre Bien PlacéeL
83%
Lettre TrouvéeD
82%
Lettre Bien PlacéeM
76%
Lettre TrouvéeV
75%
Lettre Bien PlacéeD
74%
Pays MystèreMoldavie
73%
Lettre Bien PlacéeV
73%

Distribution des résultats

Percentile par nombre de réponses

% des personnes avec chaque résultat

Votre développement - résultats

Vous n’avez pas pris ce quiz